Science Quiz

Random Science Quiz

Tropical Infection Drugs Lin 1 Quiz Stats

 Plays Quiz not verified by Sporcle

Score 0/44 Timer 15:00
0 Plays Today
x x % Correct
chloroquine should not be administered through this routeIV
92.9%
This alkaloid is derived from cichona barkquinine
92.9%
this TISSUE schizonticide is gametocidal against all 4 malarial parasitesprimaquine
92.9%
This drug can target the tissue form of plasmodiumprimaquine
85.7%
american form of trypanosomiasis is transmitted by this type of bugkissing
85.7%
The species cruzi is associated with this type of trypanosomiasisamerican or chagas
85.7%
antimalarial: blood schizonticide that prevents polymerization of heme into hemozoinchloroquine
85.7%
this drug can result in pruritus, hemolysis in g6pd deficient persons, seizureschloroquine
85.7%
You should NOT give this drug to a G6PD deficient epilepticchloroquine
85.7%
This D-steroisomer of quinine has a shorter half lifequinidine
85.7%
quinidine is administered in this mannerIV
85.7%
This drug is used orally for uncomplicated chloroquine resistant P falciparumquinine
85.7%
quinine should not be given with this drugmefloquine
85.7%
quinine dosage must be decreased if the pt has an issue in this organkidney
85.7%
aka Lariam, this oral antimalarial is recommended for prophylaxismefloquine
85.7%
this drug is used for dormant liver forms of P vivax and P ovaleprimaquine
85.7%
This is the drug of choice in the US for treatment/prophylaxis of malariachloroquine
78.6%
This protein inhibitor is recommended for use in South Asia, to be used for Rocky Mountain Spotted Feverdoxycycline
78.6%
leishmaniasis is transmitted by this vectorsand fly
78.6%
The species brucei is associated with this type of trypanosomiasisafrican
78.6%
The vector of african trypanosomiasis is this type of flytsetse
78.6%
lifeform derived from merozoite, this is known as the ring stagetrophozoite
78.6%
x x % Correct
This drug is contraindicated in pts with psoriasis or porphyriachloroquine
78.6%
This is the parenteral drug used to treat severe malariaquinidine
78.6%
adverse effects of quinine and quinidine, named after its natural sourcecinchonism
78.6%
IV administration of these drugs can cause qt prolongation and severe hypotensionquinine and quinidine
78.6%
quinine increases the plasma levels of these two drugwarfarin and digoxin
78.6%
lifeform of the parasite transmitted from a mosquito saliva to a humansporozoite
71.4%
this low cost drug is effective against some chloroquine resistant P falciparumamodiaquine
71.4%
This chloroquine alternative should not be used in prophylaxis due to long term toxicityamodiaquine
71.4%
This drug should not be used for Restless Legs Syndromequinine
71.4%
cinchonism is associated with symptoms of this systemCNS
71.4%
the most severe toxicity of mefloquineneuropsychiatric
71.4%
This subspecies is responsible for African trypanosomiasis in the westgambiense
64.3%
in this liver cell, merozoites are being prepared to be released on lysisschizont
64.3%
lifeform released from infected RBC to infect a new rbcmerozoite
64.3%
these drugs can result in hypoglycemia, hematologic abnormality,quinine and quinidine
64.3%
Primaquine and this drug are combined as an alternative treatment for PCPclindamycin
64.3%
This subspecies is responsible for African trypanosomiasis in the eastrhodesiense
57.1%
can exist in the form of hypnoiteovale or vivax
50%
This rare side effect of amodiaquine increases with long term useagranulocytosis
50%
besides quinine, mefloquine should not be given withhalofantrine
50%
This antimalarial can be used for both prophylaxis and treatmentAtovaquone-proguanil
42.9%
avoid coadministering chloroquine with these supplementsantacids, ca, mg
42.9%

You're not logged in!

Compare scores with friends on all Sporcle quizzes.
OR
Log In

Show Comments

Extras

Created Dec 4, 2010ReportNominate
Tags:drug, lin

Top Quizzes Today


Score Distribution

Your Account Isn't Verified!

In order to create a playlist on Sporcle, you need to verify the email address you used during registration. Go to your Sporcle Settings to finish the process.

Report this User

Report this user for behavior that violates our Community Guidelines.

Details: